[Event "CRO-chT2 Center"]
[Site "Croatia"]
[Date "2015.04.26"]
[Round "5.16"]
[White "Vucic, Mihovil"]
[Black "Turcin, Lovro"]
[Result "0-1"]
[WhiteElo "2115"]
[BlackElo "1975"]
[PlyCount "78"]
[EventDate "2015.03.22"]
[EventType "team-tourn"]
[EventRounds "11"]
[EventCountry "CRO"]
[SourceTitle "EXT 2016"]
[Source "ChessBase"]
[SourceDate "2015.10.08"]
[SourceVersion "1"]
[SourceVersionDate "2015.10.08"]
[SourceQuality "1"]

1. e4 e5 2. Nf3 Nc6 3. Bc4 Nf6 4. d4 exd4 5. e5 d5 6. Bb5 Ne4 7. Nxd4 Bd7 8. Bxc6 bxc6 9. 0-0 Be7 10. Be3 Nc5 11. Nd2 0-0 12. N2b3 Na4 13. Rb1 c5 14. Ne2 d4 15. Bf4 Bf5 16. Qd2 Qd7 17. Ng3 Bg6 18. Rfe1 Rfd8 19. Na5 Qb5 20. Ne4 c4 21. b3 Nc3 22. Nxc3 dxc3 23. Qxc3 Bb4 24. Qxc4 Qxc4 25. Nxc4 Bxe1 26. Rxe1 Bxc2 27. Rc1 Rd1+ 28. Rxd1 Bxd1 29. Bd2 Be2 30. Ne3 c5 31. f4 Rd8 32. Bc1 c4 33. bxc4 Bxc4 34. a3 Bd3 35. Kf2 Kf8 36. Bd2 Ke7 37. Bb4+ Ke6 38. g4 Rc8 39. Ke1 h5 0-1

[Event "CRO-chT2 Center"]
[Site "Croatia"]
[Date "2015.04.12"]
[Round "4.66"]
[White "Turcin, Lovro"]
[Black "Ivekovic, Tihana"]
[Result "1-0"]
[WhiteElo "1975"]
[BlackElo "2087"]
[PlyCount "75"]
[EventDate "2015.03.22"]
[EventType "team-tourn"]
[EventRounds "11"]
[EventCountry "CRO"]
[SourceTitle "EXT 2016"]
[Source "ChessBase"]
[SourceDate "2015.10.08"]
[SourceVersion "1"]
[SourceVersionDate "2015.10.08"]
[SourceQuality "1"]

1. e4 c5 2. Nf3 e6 3. d4 cxd4 4. Nxd4 a6 5. Bd3 Nf6 6. Qe2 d6 7. 0-0 Qc7 8. c4 Be7 9. Nc3 Nbd7 10. f4 0-0 11. Kh1 b6 12. Bd2 Bb7 13. f5 Nc5 14. b3 Nxd3 15. Qxd3 d5 16. cxd5 exd5 17. e5 Ne4 18. Nxe4 dxe4 19. Qg3 Kh8 20. Bf4 Qc5 21. Be3 Qd5 22. f6 gxf6 23. exf6 Rg8 24. Qh4 Bc5 25. Rf5 Bxd4 26. Rxd5 Bxd5 27. Bxd4 e3 28. Qh3 e2 29. Re1 Rae8 30. Bxb6 Re6 31. Bf2 Rg6 32. Kg1 Kg8 33. Bd4 h6 34. Kf2 Kh7 35. g3 Re4 36. Bc3 Be6 37. Qg2 Bd5 38. Qf3 1-0

[Event "CRO-chT U20 24th"]
[Site "Sv Filip i Jakov"]
[Date "2015.04.03"]
[Round "10.1"]
[White "Krmpotic, Klara"]
[Black "Turcin, Lovro"]
[Result "1/2-1/2"]
[WhiteElo "1578"]
[BlackElo "1975"]
[PlyCount "112"]
[EventDate "2015.03.30"]
[EventType "team-tourn"]
[EventRounds "11"]
[EventCountry "CRO"]
[SourceTitle "CBM 165 Extra"]
[Source "ChessBase"]
[SourceDate "2015.04.21"]
[SourceVersion "1"]
[SourceVersionDate "2015.04.21"]
[SourceQuality "1"]

1. d4 Nf6 2. c4 g6 3. Nc3 d5 4. cxd5 Nxd5 5. e4 Nxc3 6. bxc3 Bg7 7. Nf3 c5 8. Be3 0-0 9. Qd2 Qa5 10. Rd1 Be6 11. Be2 Qxa2 12. Qxa2 Bxa2 13. 0-0 cxd4 14. cxd4 b6 15. Rd2 Be6 16. Rc2 Rc8 17. Rfc1 Rxc2 18. Rxc2 f6 19. d5 Bd7 20. Rc7 Kf7 21. Bf4 Be8 22. Rc8 a5 23. Rxb8 Rxb8 24. Bxb8 a4 25. Bc4 b5 26. Ba2 b4 27. Nd4 b3 28. Nxb3 axb3 29. Bxb3 Bd7 30. f4 e6 31. dxe6+ Bxe6 32. Bxe6+ Kxe6 33. Kf2 Bf8 34. Ba7 h5 35. h3 f5 36. Kf3 Bb4 37. Bf2 Be7 38. g4 fxe4+ 39. Kxe4 hxg4 40. hxg4 Bf6 41. Bd4 Be7 42. Be5 Bc5 43. Bg7 Bd6 44. f5+ gxf5+ 45. gxf5+ Kf7 46. Be5 Be7 47. Kd5 Bg5 48. Kd6 Be7+ 49. Kd7 Bg5 50. Bb2 Be7 51. Be5 Bf6 52. Bd6 Bg5 53. Be5 Bf6 54. Kd6 Be7+ 55. Kd5 Bg5 56. Ke4 Be7 1/2-1/2

[Event "CRO-chT U20 24th"]
[Site "Sv Filip i Jakov"]
[Date "2015.04.02"]
[Round "7.1"]
[White "Turcin, Lovro"]
[Black "Spiranec, Noemi"]
[Result "1-0"]
[WhiteElo "1975"]
[BlackElo "1741"]
[PlyCount "93"]
[EventDate "2015.03.30"]
[EventType "team-tourn"]
[EventRounds "11"]
[EventCountry "CRO"]
[SourceTitle "CBM 165 Extra"]
[Source "ChessBase"]
[SourceDate "2015.04.21"]
[SourceVersion "1"]
[SourceVersionDate "2015.04.21"]
[SourceQuality "1"]

1. e4 c5 2. Nc3 g6 3. f4 Bg7 4. Nf3 Nc6 5. Bb5 Nd4 6. 0-0 e6 7. Ba4 Ne7 8. Nxd4 cxd4 9. Ne2 0-0 10. d3 d5 11. e5 f6 12. exf6 Bxf6 13. g4 Bd7 14. Bb3 Be8 15. Qe1 Bf7 16. Bd2 Nc6 17. Qg3 Qc7 18. Qg2 Rad8 19. Rae1 Bg7 20. Kh1 Kh8 21. Ng1 Bg8 22. Nf3 e5 23. fxe5 Nxe5 24. Qg3 Qb8 25. Bf4 Rxf4 26. Qxf4 Rf8 27. Qg3 Nc6 28. Qxb8 Rxb8 29. Ng5 Ne5 30. h3 h6 31. Nf3 Nc6 32. Kg2 Kh7 33. h4 Bf8 34. Ne5 Nxe5 35. Rxe5 Bd6 36. Re2 Kg7 37. g5 hxg5 38. hxg5 Rf8 39. Rxf8 Kxf8 40. Kf3 Bf7 41. Ba4 a6 42. Bd7 b6 43. Be6 Kg7 44. Kg4 Bc7 45. Bxf7 Kxf7 46. Rf2+ Kg7 47. Rf6 1-0

[Event "CRO-chT U20 24th"]
[Site "Sv Filip i Jakov"]
[Date "2015.04.01"]
[Round "6.1"]
[White "Pavcevic, Bruno"]
[Black "Turcin, Lovro"]
[Result "0-1"]
[WhiteElo "1884"]
[BlackElo "1975"]
[PlyCount "82"]
[EventDate "2015.03.30"]
[EventType "team-tourn"]
[EventRounds "11"]
[EventCountry "CRO"]
[SourceTitle "CBM 165 Extra"]
[Source "ChessBase"]
[SourceDate "2015.04.21"]
[SourceVersion "1"]
[SourceVersionDate "2015.04.21"]
[SourceQuality "1"]

1. e4 e5 2. Nf3 Nc6 3. Bc4 Nf6 4. d3 Be7 5. 0-0 d6 6. a4 0-0 7. Re1 Be6 8. Nbd2 Qd7 9. c3 Rfe8 10. a5 a6 11. Bb3 Bxb3 12. Qxb3 Bf8 13. d4 g6 14. d5 Ne7 15. Qa2 Bh6 16. Nf1 Bxc1 17. Raxc1 Nh5 18. Ng3 Nf4 19. Red1 Qg4 20. c4 f5 21. Rc3 fxe4 22. h3 Qd7 23. Ng5 Rf8 24. b4 Nf5 25. N5xe4 Nh4 26. c5 Nhxg2 27. Ng5 Nxh3+ 28. Kxg2 Nxg5 29. Qe2 Qh3+ 30. Kg1 Rf4 31. Ne4 Nf3+ 32. Rxf3 Rxf3 33. cxd6 cxd6 34. Nxd6 Raf8 35. Ne4 R8f4 36. d6 Qg4+ 37. Kf1 Rxe4 38. d7 Rxf2+ 39. Qxf2 Qxd1+ 40. Kg2 Rg4+ 41. Kh2 Qxd7 0-1

[Event "CRO-chT U20 24th"]
[Site "Sv Filip i Jakov"]
[Date "2015.03.30"]
[Round "1.1"]
[White "Turcin, Lovro"]
[Black "Pejic, Igor"]
[Result "0-1"]
[WhiteElo "1975"]
[BlackElo "2132"]
[PlyCount "76"]
[EventDate "2015.03.30"]
[EventType "team-tourn"]
[EventRounds "11"]
[EventCountry "CRO"]
[SourceTitle "CBM 165 Extra"]
[Source "ChessBase"]
[SourceDate "2015.04.21"]
[SourceVersion "1"]
[SourceVersionDate "2015.04.21"]
[SourceQuality "1"]

1. e4 c6 2. d4 d5 3. exd5 cxd5 4. Bd3 Nc6 5. c3 Qc7 6. h3 Nf6 7. Nf3 g6 8. 0-0 Bf5 9. Re1 e6 10. Qe2 Bxd3 11. Qxd3 Bg7 12. Bg5 Ne4 13. Qe3 Nxg5 14. Qxg5 0-0 15. Nbd2 b5 16. Qe3 Rac8 17. Ne5 b4 18. Nxc6 Qxc6 19. Rec1 bxc3 20. Rxc3 Qb6 21. Nb3 Rc4 22. Rd1 Rfc8 23. Qd2 Qb4 24. Rxc4 Rxc4 25. Qxb4 Rxb4 26. Rd2 Kf8 27. Kf1 Ke7 28. Ke2 Kd6 29. f4 Rc4 30. Ke3 h6 31. g4 Bf6 32. Kd3 a5 33. Ke3 a4 34. Na5 Rc1 35. Ke2 Rh1 36. b4 axb3 37. axb3 Rxh3 38. Kd1 Rf3 0-1

[Event "CRO-ch U17"]
[Site "Sveti Martin"]
[Date "2014.07.30"]
[Round "7"]
[White "Turcin, Lovro"]
[Black "Plenca, Jadranko"]
[Result "0-1"]
[WhiteElo "1922"]
[BlackElo "2184"]
[PlyCount "64"]
[EventDate "2014.07.26"]
[EventType "swiss"]
[EventRounds "9"]
[EventCountry "CRO"]
[SourceTitle "EXT 2016"]
[Source "ChessBase"]
[SourceDate "2015.10.08"]
[SourceVersion "1"]
[SourceVersionDate "2015.10.08"]
[SourceQuality "1"]

1. e4 e5 2. Nf3 Nc6 3. Bb5 a6 4. Ba4 Nf6 5. 0-0 Be7 6. Bxc6 dxc6 7. d3 Bd6 8. Bg5 h6 9. Bh4 Qe7 10. Nbd2 g5 11. Bg3 h5 12. Nc4 Ng4 13. d4 f6 14. h4 gxh4 15. Bxh4 Qe6 16. dxe5 fxe5 17. Qd3 Be7 18. Bxe7 Qxe7 19. Qc3 Rg8 20. Ncxe5 Be6 21. Rad1 Qg7 22. Nxg4 Qxg4 23. g3 h4 24. Ne5 Qh3 25. Rd3 hxg3 26. fxg3 Rh8 27. Kf2 Rf8+ 28. Nf3 Qh2+ 29. Ke1 Qxg3+ 30. Rf2 Rd8 31. Qd2 Rxd3 32. Qxd3 Bg4 0-1

[Event "CRO-ch U17"]
[Site "Sveti Martin"]
[Date "2014.07.29"]
[Round "6"]
[White "Toplak, Juraj"]
[Black "Turcin, Lovro"]
[Result "1/2-1/2"]
[WhiteElo "1752"]
[BlackElo "1922"]
[PlyCount "43"]
[EventDate "2014.07.26"]
[EventType "swiss"]
[EventRounds "9"]
[EventCountry "CRO"]
[SourceTitle "EXT 2016"]
[Source "ChessBase"]
[SourceDate "2015.10.08"]
[SourceVersion "1"]
[SourceVersionDate "2015.10.08"]
[SourceQuality "1"]

1. e4 e5 2. Nf3 Nc6 3. Bb5 a6 4. Bxc6 dxc6 5. 0-0 Bg4 6. h3 Bxf3 7. Qxf3 Ne7 8. Qb3 b6 9. d3 Ng6 10. Be3 Be7 11. Nc3 Bg5 12. Ne2 Bf4 13. Bxf4 Nxf4 14. Nxf4 exf4 15. Qc3 Qf6 16. Qxf6 gxf6 17. Rad1 Ke7 18. d4 f5 19. Rfe1 Kf6 20. Rd3 Rhe8 21. e5+ Kg5 22. Rc3 1/2-1/2

[Event "CRO-ch U17"]
[Site "Sveti Martin"]
[Date "2014.07.28"]
[Round "4"]
[White "Saric, Luka"]
[Black "Turcin, Lovro"]
[Result "1-0"]
[WhiteElo "1890"]
[BlackElo "1922"]
[PlyCount "105"]
[EventDate "2014.07.26"]
[EventType "swiss"]
[EventRounds "9"]
[EventCountry "CRO"]
[SourceTitle "EXT 2016"]
[Source "ChessBase"]
[SourceDate "2015.10.08"]
[SourceVersion "1"]
[SourceVersionDate "2015.10.08"]
[SourceQuality "1"]

1. d4 d5 2. Nf3 Nf6 3. c4 e6 4. g3 Bb4+ 5. Bd2 a5 6. a3 Be7 7. Bg2 0-0 8. Qc2 dxc4 9. Qxc4 b6 10. Bg5 c5 11. 0-0 Ba6 12. Qc2 Nbd7 13. Nc3 Rc8 14. Rfd1 Qc7 15. d5 exd5 16. Nxd5 Nxd5 17. Rxd5 Rfe8 18. Bh3 Rcd8 19. Bxe7 Rxe7 20. Rad1 Bxe2 21. Rxd7 Rexd7 22. Rxd7 Rxd7 23. Qxe2 Re7 24. Qa6 Qd8 25. Kg2 g6 26. b3 Qd6 27. Qc4 Qc6 28. a4 Re4 29. Qd3 f5 30. Qd8+ Kg7 31. Qg5 h6 32. Qd2 Qe6 33. Qc3+ Kh7 34. Nd2 Rd4 35. Nc4 Qe4+ 36. Kg1 Qe6 37. Bf1 f4 38. Qf3 fxg3 39. hxg3 Rd7 40. Qe3 Qf6 41. Qe5 Qf3 42. Nxb6 Rf7 43. Qxc5 Qxb3 44. Qc4 Qf3 45. Qd4 h5 46. Bc4 Re7 47. Bf1 Re4 48. Qd7+ Kh6 49. Qd2+ Kh7 50. Bg2 Qb3 51. Bxe4 Qxb6 52. Qg5 Qe6 53. Qxh5+ 1-0

[Event "CRO-ch U17"]
[Site "Sveti Martin"]
[Date "2014.07.27"]
[Round "3"]
[White "Turcin, Lovro"]
[Black "Livaic, Leon"]
[Result "1/2-1/2"]
[WhiteElo "1922"]
[BlackElo "2066"]
[PlyCount "112"]
[EventDate "2014.07.26"]
[EventType "swiss"]
[EventRounds "9"]
[EventCountry "CRO"]
[SourceTitle "EXT 2016"]
[Source "ChessBase"]
[SourceDate "2015.10.08"]
[SourceVersion "1"]
[SourceVersionDate "2015.10.08"]
[SourceQuality "1"]

1. e4 e6 2. d4 d5 3. exd5 exd5 4. Nf3 Nf6 5. Bd3 Bd6 6. 0-0 0-0 7. Bg5 Bg4 8. Nbd2 c6 9. c3 Nbd7 10. Qc2 Qc7 11. h3 Bh5 12. a3 Bg6 13. Bxg6 fxg6 14. Rae1 Rae8 15. c4 dxc4 16. Qxc4+ Nd5 17. Ne4 Kh8 18. Re2 N7b6 19. Qc2 Bf4 20. Rfe1 h6 21. Bh4 Qf7 22. Nc5 Rxe2 23. Rxe2 Bd6 24. Ne6 Nf4 25. Nxf4 Bxf4 26. Re7 Qf5 27. Qxf5 gxf5 28. Rxb7 Bc1 29. Rxa7 g5 30. Ne5 Kg8 31. Nxc6 Rf6 32. Rc7 gxh4 33. Ne7+ Kf8 34. Rxc1 Kxe7 35. Rc5 Kd6 36. b4 Nd7 37. Ra5 Kc7 38. Ra7+ Kc8 39. b5 Rd6 40. Ra4 Rd5 41. Rb4 Kb7 42. a4 Kb6 43. Kf1 Ka5 44. Rc4 Nb6 45. Rc6 Rxd4 46. Rxh6 Nxa4 47. Rh5 Rf4 48. Kg1 Nc3 49. g3 Ne2+ 50. Kg2 hxg3 51. fxg3 Kxb5 52. Rg5 Nxg3 53. Kxg3 Rf1 54. h4 Kc6 55. h5 Kd6 56. h6 Rh1 1/2-1/2

[Event "CRO-ch U17"]
[Site "Vukovar"]
[Date "2013.07.26"]
[Round "7"]
[White "Monjac, Mislav"]
[Black "Turcin, Lovro"]
[Result "1-0"]
[WhiteElo "2130"]
[BlackElo "1861"]
[PlyCount "51"]
[EventDate "2013.07.22"]
[EventType "swiss"]
[EventRounds "9"]
[EventCountry "CRO"]
[SourceTitle "EXT 2014"]
[Source "ChessBase"]
[SourceDate "2013.11.20"]
[SourceVersion "1"]
[SourceVersionDate "2013.11.20"]
[SourceQuality "1"]

1. e4 e5 2. Nf3 Nc6 3. Bc4 Nf6 4. d3 Be7 5. 0-0 d6 6. Re1 0-0 7. c3 Na5 8. Bb5 c6 9. Ba4 b5 10. Bc2 c5 11. Bg5 h6 12. Be3 Nc6 13. d4 Qc7 14. d5 Nb8 15. h3 Re8 16. Nbd2 Nbd7 17. a4 Qb8 18. axb5 Qxb5 19. Ba4 Qb8 20. Nc4 a5 21. Nfd2 Bb7 22. Bxd7 Nxd7 23. Nxa5 Bd8 24. Nac4 Bc7 25. Rxa8 Qxa8 26. Bxh6 1-0